Score 0/11 Timer 01:00
0 Plays Today
Hint 4-Letter Word % Correct
Greek king of the godsZEUS
96.9%
Someone between 12 and 20 years oldTEEN
94.7%
Opposite of softHARD
88.6%
These hold your golf ballsTEES
86%
What you catch while sleeping?ZEES
83.7%
To give notice of dangerWARN
81.4%
A hospital roomWARD
78.5%
A group of one kind of animalHERD
75.1%
Greek queen of the godsHERA
73.1%
A sea birdTERN
64.1%
A small mountain lake or poolTARN
59.2%

Today's Daily Dose

Remove Ads.
Support Sporcle.
Get the best of Sporcle when you Go Orange. This ad-free experience offers more features, more stats, and more fun while also helping to support Sporcle. Thank you for becoming a member.

You're not logged in!

Compare scores with friends on all Sporcle quizzes.
OR
Log In

Show Comments

Extras

Top Quizzes Today


Score Distribution

Your Account Isn't Verified!

In order to create a playlist on Sporcle, you need to verify the email address you used during registration. Go to your Sporcle Settings to finish the process.

Report this User

Report this user for behavior that violates our Community Guidelines.

Details: